Finding the right software solutions (Record no. 117900)

MARC details
000 -LEADER
fixed length control field 01096cam a2200253 4500
001 - CONTROL NUMBER
control field ABS68140
008 - FIXED-LENGTH DATA ELEMENTS--GENERAL INFORMATION
fixed length control field 040825n2004 000 0 eng u
035 ## - SYSTEM CONTROL NUMBER
System control number (Sirsi) u127163
100 ## - MAIN ENTRY--PERSONAL NAME
Personal name Halford, P.
245 ## - TITLE STATEMENT
Title Finding the right software solutions
260 ## - PUBLICATION, DISTRIBUTION, ETC.
Date of publication, distribution, etc. 2004
490 ## - SERIES STATEMENT
Series statement Property Forecast
Volume/sequential designation 7(7) July 2004, 8-9(2)
520 ## - SUMMARY, ETC.
Summary, etc. Article briefly looks at the latest developments in software programs available to the property investment industry. Outlines the main categories of software asvaluation and analysis; performance forecasting; development appraisal; and property management and information. Offers some tips and advice for the novice, such as being aware of the hidden maintenance cost of the in-house system.
590 ## - LOCAL NOTE (RLIN)
Local note ABS
590 ## - LOCAL NOTE (RLIN)
Local note ABS
650 ## - SUBJECT ADDED ENTRY--TOPICAL TERM
Topical term or geographic name entry element SOFTWARE PACKAGES
650 ## - SUBJECT ADDED ENTRY--TOPICAL TERM
Topical term or geographic name entry element VALUATION SOFTWARE
650 ## - SUBJECT ADDED ENTRY--TOPICAL TERM
Topical term or geographic name entry element DEVELOPMENT APPRAISAL
650 ## - SUBJECT ADDED ENTRY--TOPICAL TERM
Topical term or geographic name entry element PROPERTY MANAGEMENT SOFTWARE
650 ## - SUBJECT ADDED ENTRY--TOPICAL TERM
Topical term or geographic name entry element PROPERTY INVESTMENT MARKET
650 ## - SUBJECT ADDED ENTRY--TOPICAL TERM
Topical term or geographic name entry element BUILT ENVIRONMENT-BUILDING MAINTENANCE AND REFURBISHMENT
690 ## - LOCAL SUBJECT ADDED ENTRY--TOPICAL TERM (OCLC, RLIN)
Topical term or geographic name as entry element INFORMATION TECHNOLOGY
942 ## - ADDED ENTRY ELEMENTS (KOHA)
Suppress in OPAC 0
Holdings
Withdrawn status Lost status Source of classification or shelving scheme Damaged status Not for loan Home library Current library Shelving location Date acquired Total Checkouts Full call number Barcode Date last seen Copy number Price effective from Koha item type
    Dewey Decimal Classification     London London Journal article 25/08/2004   ABS68140 127163-1001 06/08/2019 1 06/08/2019 Journal article